000 00828nam a2200217 i 4500
001 180578
003 ES-MaACL
005 20230906221133.0
008 120614s1975 sp |||| | spa d
080 _a598.2:591.111.2(043.2)
080 _a591.111.2:598.2(043.2)
100 1 _aMusquera i Musquera, Santiago.
_9150565
245 1 3 _aEl sistema hemoglobina-haptoglobina en las aves /
_cpor Santiago Musquera Musquera.
260 _aBarcelona :
_bUniversidad, Secretariado de Publicaciones, Intercambio Científico y Extensión Universitaria,
_c1975.
300 _a22 p., 1 h. :
_bil., gráf. ;
_c24 cm.
502 _aTesis-Universidad Barcelona (Extracto)
504 _aBibliografía: p. 18-23.
650 4 _aAves-
_xFisiología.
_9150566
710 2 _aUniversidad de Barcelona.
_97141
852 _aES-MaACL
_jE-15362(137)
999 _c180578
_d180578